000 00680nab a2200193 4500
001 244442
003 OSt
005 20250702080701.0
007 tu
008 200917s2020|||||||
040 _aDE-2950
_cDE-2950
245 0 0 _aZigarettenglut löste tödlichen Brand im Pflaumenweg aus
_bKatastrophe. Drei Menschen starben im Januar bei einem verheerenden Feuer in Frankfurt. Jetzt liegen Informationen zur Brandursache und zu den Wohnungen vor/
_cLisa Larossa
264 _c2024
653 _aFrankfurt (Oder)
653 _aPflaumenweg
653 _aBrandurdsache
773 0 _g36. Jahrgang (2025) Nr. 140 vom 19.06.2025, S. 15 mit Foto
_tMärkische Oderzeitung
942 _2z
_cA
999 _c373846
_d373846